MARC details
| 000 -LEADER |
| campo de control de longitud fija |
01225nam a22003257a 4500 |
| 003 - IDENTIFICADOR DE NÚMERO DE CONTROL |
| campo de control |
OSt |
| 005 - FECHA Y HORA DE LA ÚLTIMA TRANSACCIÓN |
| campo de control |
20230817104823.0 |
| 008 - DATOS DE LONGITUD FIJA--INFORMACIÓN GENERAL |
| campo de control de longitud fija |
221006b |||||||| |||| 00| 0 eng d |
| 040 ## - FUENTE DE CATALOGACIÓN |
| Centro/agencia transcriptor |
Biblioteca Lado V |
| 082 ## - NÚMERO DE LA CLASIFICACIÓN DECIMAL DEWEY |
| Número de clasificación |
700 |
| Número de ítem |
N225h |
| 100 ## - ENTRADA PRINCIPAL--NOMBRE DE PERSONA |
| 9 (RLIN) |
947 |
| Nombre de persona |
Narea, Ximena |
| Término indicativo de función/relación |
directora |
| 245 ## - MENCIÓN DEL TÍTULO |
| Título |
Heteregénesis/ |
| Resto del título |
Revista de Artes Visuales/ |
| 260 ## - PUBLICACIÓN, DISTRIBUCIÓN, ETC. |
| Nombre del editor, distribuidor, etc. |
Universidad de Lund |
| Fecha de publicación, distribución, etc. |
1999 |
| Lugar de publicación, distribución, etc. |
Alemania |
| 300 ## - DESCRIPCIÓN FÍSICA |
| Dimensiones |
20x28.5cm |
| Extensión |
59p. |
| 490 ## - MENCIÓN DE SERIE |
| Mención de serie |
28 |
| Número Internacional Normalizado para Publicaciones Seriadas |
1103-1832 |
| Designación de volumen o secuencia |
VIII |
| 505 ## - NOTA DE CONTENIDO CON FORMATO |
| Nota de contenido con formato |
EDITORIAL |
| 505 ## - NOTA DE CONTENIDO CON FORMATO |
| Nota de contenido con formato |
ACCIÓN! EL DESARROLLO DEL ACTO |
| 505 ## - NOTA DE CONTENIDO CON FORMATO |
| Nota de contenido con formato |
BODY ACT |
| 505 ## - NOTA DE CONTENIDO CON FORMATO |
| Nota de contenido con formato |
LAS SILUETAS POÉTICAS DE ANA MENDIETA |
| 505 ## - NOTA DE CONTENIDO CON FORMATO |
| Nota de contenido con formato |
EXPRESIONES ESCENOGRÁFICAS EN LA MÚSICA UNDERGROUND |
| 505 ## - NOTA DE CONTENIDO CON FORMATO |
| Nota de contenido con formato |
BUTOH, EL CUERPO EXTENDIDO |
| 505 ## - NOTA DE CONTENIDO CON FORMATO |
| Nota de contenido con formato |
FUSIÓN DEL ARTE Y LA VIDA, APUNTES EN TORNO A LA OBRA DE LYGIA CLARK |
| 505 ## - NOTA DE CONTENIDO CON FORMATO |
| Nota de contenido con formato |
WORK IN PROGRESS Y LO QUE NOS CORRESPONDE |
| 505 ## - NOTA DE CONTENIDO CON FORMATO |
| Nota de contenido con formato |
AL BORDE DEL NUEVO MILENIO 48 BIENAL DE VENECIA |
| 650 ## - PUNTO DE ACCESO ADICIONAL DE MATERIA--TÉRMINO DE MATERIA |
| Fuente del encabezamiento o término |
Tesauro de Arte & Arquitectura |
| Término de materia o nombre geográfico como elemento de entrada |
ARTE |
| 9 (RLIN) |
703 |
| 650 ## - PUNTO DE ACCESO ADICIONAL DE MATERIA--TÉRMINO DE MATERIA |
| Fuente del encabezamiento o término |
Tesauro de Arte & Arquitectura |
| Término de materia o nombre geográfico como elemento de entrada |
ARTE COSTARRICENSE |
| 650 ## - PUNTO DE ACCESO ADICIONAL DE MATERIA--TÉRMINO DE MATERIA |
| Fuente del encabezamiento o término |
Tesauro de Arte & Arquitectura |
| Término de materia o nombre geográfico como elemento de entrada |
ARTES VISUALES |
| 651 ## - PUNTO DE ACCESO ADICIONAL DE MATERIA--NOMBRE GEOGRÁFICO |
| Fuente del encabezamiento o término |
Tesauro de Arte & Arquitectura |
| Nombre geográfico |
COSTA RICA |
| 942 ## - ELEMENTOS DE ENTRADA SECUNDARIOS (KOHA) |
| Fuente del sistema de clasificación o colocación |
Clasificación Decimal Dewey |
| Tipo de ítem Koha |
Libros |
| Parte de la signatura que corresponde a la clasificación (Parte de la clasificación) |
700 |
| Parte de la signatura que identifica el ejemplar (Parte del ítem) |
N225h |
| Suprimir en OPAC |
No |